Welcome to CU Library Online Public Access Catalogue (OPAC)

Nutrition throughout the life cycle / (Record no. 898)

MARC details
000 -LEADER
fixed length control field 00818cam a2200253 a 4500
001 - CONTROL NUMBER
control field 672929
005 - DATE AND TIME OF LATEST TRANSACTION
control field 20241108151853.0
008 - FIXED-LENGTH DATA ELEMENTS--GENERAL INFORMATION
fixed length control field 950823s1996 moua b 001 0 eng c
020 ## - INTERNATIONAL STANDARD BOOK NUMBER
International Standard Book Number 0815194277
050 00 - LIBRARY OF CONGRESS CALL NUMBER
Classification number TX354
Item number .N87 1996
082 00 - DEWEY DECIMAL CLASSIFICATION NUMBER
Classification number 613.2
Edition information 20
245 00 - TITLE STATEMENT
Title Nutrition throughout the life cycle /
Statement of responsibility, etc. edited by Bonnie S. Worthington-Roberts, Sue Rodwell Williams ; coauthors, Eleanor D. Schlenker, Peggy Pipes, Cristine M. Trahms.
250 ## - EDITION STATEMENT
Edition statement 3rd ed.
260 ## - PUBLICATION, DISTRIBUTION, ETC.
Place of publication, distribution, etc. St. Louis :
Name of publisher, distributor, etc. Mosby,
Date of publication, distribution, etc. c1996.
300 ## - PHYSICAL DESCRIPTION
Extent xix, 507 p. :
Other physical details ill. ;
Dimensions 26 cm.
650 #0 - SUBJECT ADDED ENTRY--TOPICAL TERM
Topical term or geographic name entry element Nutrition.
650 12 - SUBJECT ADDED ENTRY--TOPICAL TERM
Topical term or geographic name entry element Nutrition.
700 2# - ADDED ENTRY--PERSONAL NAME
Personal name Worthington-Roberts, Bonnie S.,
Dates associated with a name 1943-
700 1# - ADDED ENTRY--PERSONAL NAME
Personal name Williams, Sue Rodwell.
700 1# - ADDED ENTRY--PERSONAL NAME
Personal name Schlenker, Eleanor D.
700 1# - ADDED ENTRY--PERSONAL NAME
Personal name Pipes, Peggy L.
700 1# - ADDED ENTRY--PERSONAL NAME
Personal name Trahms, Cristine M.
942 ## - ADDED ENTRY ELEMENTS (KOHA)
Source of classification or shelving scheme Library of Congress Classification
Koha item type Books
Suppress in OPAC No
999 ## -
-- 898
-- 898
Holdings
Withdrawn status Lost status Source of classification or shelving scheme Damaged status Not for loan Collection Home library Current library Shelving location Date acquired Total checkouts Full call number Barcode Date last seen Copy number Price effective from Koha item type
    Library of Congress Classification     Non-fiction Undergraduate Library (Christ Temple) Undergraduate Library (Christ Temple) General stacks 11/08/2024   TX 354 NUT ulct00000220 11/08/2024 1 11/08/2024 Books
© 2023-2024 Copyright: Central University Libraries. All Rights Reserved | Created by: Mahone Tech Office